Escuela Gratuita de Diseño 1775, Escuela de Artes Aplicadas y Oficios Artísticos 1975 : Barcelona - Bicentenario Barcelona - Bicentenario
Descripción Física:
[2] f. en una carpeta ; 30 cm
MARC
| LEADER | 00000nam a2200000Ia 4500 | ||
|---|---|---|---|
| 001 | 19154 | ||
| 008 | 160829s1976 xx 000 0 cat d | ||
| 080 | |a FU-51-37 | ||
| 110 | 2 | |a Escola d'Arts i Oficis Artístics (Barcelona, Catalunya) |9 54584 | |
| 245 | |a Escuela Gratuita de Diseño 1775, Escuela de Artes Aplicadas y Oficios Artísticos 1975 : |b Barcelona - Bicentenario | ||
| 260 | |a Barcelona : |b la Escuela, |c 1976 | ||
| 300 | |a [2] f. en una carpeta ; |c 30 cm | ||
| 590 | |a Primer comunitat del 'Año del Bicentenario". | ||
| 590 | |a A la coberta: Llotja. | ||
| 590 | |a Prové de S-319 | ||
| 650 | |a Escola d'Arts Aplicades i Oficis Artístics de Barcelona |x Història |9 47756 | ||
| 650 | |a Escola d'Arts Aplicades i Oficis Artístics de Barcelona |x Centenaris, etc. |9 47757 | ||
| 901 | |a Arxiu | ||
| 942 | |n 1 | ||
| 952 | |0 0 |1 0 |4 0 |6 FU5137 |7 1 |9 54079 |a Arxiu |b Arxiu |d 2016-12-01 |l 0 |o FU-51-37 |p 19154 |r 2016-12-01 00:00:00 |w 2016-12-01 |y ARXIU | ||
| 999 | |c 57947 |d 57947 | ||